000 00498nam a22001817a 4500
003 CEME
005 20210628203202.0
008 210223b xxu||||| |||| 00| 0 eng d
020 _a0-88022-812-1
040 _c.
082 _a005.133-C ++ PER
100 _aJohnson, Marcus, Perry, Greg
_963831
245 _aTurbo c++ by example, the easiest way to learn how to program
260 _aUSA
_bQUE CORPORATION
_c1992
300 _aXX,825P
650 _aC++ BY EXAMPLE
_963832
942 _cBK
_2ddc
999 _c572539
_d572539